Platenie preddavkov inak

V odôvodnených prípadoch ako napr. situácia súvisiaca s koronavírusom, zhoršenie finančnej situácie a pod. môže správca dane na žiadosť daňovníka určiť platenie preddavkov na daň inak, prostredníctvom odlišnej výšky alebo periodicity platených preddavkov, prípadne túto povinnosť úplne zrušiť. V člán...

Descripción completa

Guardado en:
Detalles Bibliográficos
Autor principal: Pastierik, Vladimír
Formato: Capítulo de libro
Lenguaje:eslovaco
Materias:
Etiquetas: Agregar Etiqueta
Sin Etiquetas, Sea el primero en etiquetar este registro!

MARC

LEADER 00000naa a2200000 4500
001 0264875
005 20200624103554.3
041 0 |a slo 
044 |a SK 
245 1 0 |a Platenie preddavkov inak  |c Vladimír Pastierik 
520 |a V odôvodnených prípadoch ako napr. situácia súvisiaca s koronavírusom, zhoršenie finančnej situácie a pod. môže správca dane na žiadosť daňovníka určiť platenie preddavkov na daň inak, prostredníctvom odlišnej výšky alebo periodicity platených preddavkov, prípadne túto povinnosť úplne zrušiť. V článku sú uvedené dva príklady. 
610 2 0 |a preddavky 
610 2 0 |a dane 
610 2 0 |a úľavy daňové 
610 2 0 |a daňovníci 
610 2 0 |a podnikatelia 
100 1 |a Pastierik, Vladimír